000 00525nam a22001697a 4500
005 20251108164158.0
008 250721s9999 xx 000 0 ara d
082 1 4 _a219/خطا
100 1 _aخطاب، محمود شيت
245 1 0 _aالرسول القائد تاريخ جيش النبي /
250 _aط2.، منقحه
264 1 _aبغداد :
_bدار مكتبة الحياه : مكتبة النهضه،
_c[19-].
300 _a359ص.
650 1 7 _aالسيرة النبوية
942 _2ddc
_cBK
999 _c5624
_d5624